Entry Nombre personal
001 - NÚMERO DE CONTROL
- campo de control: 242526
003 - IDENTIFICADOR DE NÚMERO DE CONTROL
- campo de control: SpMaBN
005 - FECHA Y HORA DE LA ÚLTIMA TRANSACCIÓN
- campo de control: 20251120144405.0
008 - ELEMENTOS DE DATO DE LONGITUD-FIJA
- campo de control de longitud fija: 901120nn aijnnaabn a aaa
016 ## - NÚMERO DE CONTROL DE UNA AGENCIA BIBLIOGRÁFICA NACIONAL
- Número de control del registro: BNE19900023511
024 8# - IDENTIFICADOR DE OTROS ESTÁNDARES
- Número estándar o código: http://www.larramendi.es/aut/FILA20130056425
024 7# - IDENTIFICADOR DE OTROS ESTÁNDARES
- Número estándar o código: http://viaf.org/viaf/88919448/
- Fuente: viaf
024 7# - IDENTIFICADOR DE OTROS ESTÁNDARES
- Número estándar o código: https://isni.org/isni/0000000121429031
- Fuente: isni
024 7# - IDENTIFICADOR DE OTROS ESTÁNDARES
- Número estándar o código: http://www.wikidata.org/entity/Q909
- Fuente: wikidata
024 8# - IDENTIFICADOR DE OTROS ESTÁNDARES
- Número estándar o código: https://data.cervantesvirtual.com/person/2946
040 ## - FUENTE DE CATALOGACIÓN
- Centro catalogador/agencia de origen: SpMaBN
- Lengua de catalogación: spa
- Centro/agencia transcriptor: SpMaBN
- Normas de descripción: rdc
- Convención/Normas de encabezamiento de materia/tesauro: embne
046 ## - FECHAS CON CODIFICACIÓN ESPECIAL
- Fecha de nacimiento: 1899
- Fecha de la muerte: 1986
100 1# - ENCABEZAMIENTO-NOMBRE DE PERSONA
- Nombre de persona: Borges, Jorge Luis,
- Fechas asociadas al nombre: 1899-1986
368 ## - OTROS ATRIBUTOS DE PERSONA O ENTIDAD CORPORATIVA
- Otra designación: Premio Cervantes
- Período de inicio: (1979)
370 ## - LUGAR ASOCIADO
- Lugar de nacimiento: Ciudad Autónoma de Buenos Aires, Argentina
- Fuente del término: embne
370 ## - LUGAR ASOCIADO
- Lugar de fallecimiento: Ginebra, Suiza
- Fuente del término: embne
372 ## - CAMPO DE ACTIVIDAD
- Campo de actividad: Cuentos
- Campo de actividad: Ensayos
- Campo de actividad: Novelas fantásticas
- Campo de actividad: Poesías
- Fuente del término: tgfbne
373 ## - GRUPO ASOCIADO
- Grupo asociado: Academia Estadounidense de las Artes y las Letras
- Grupo asociado: Bayerische Akademie der Schönen Künste
- Grupo asociado: Academia Estadounidense de las Artes y las Ciencias
- Fuente de información: Wikidata
374 ## - OCUPACIÓN
- Ocupación: Escritores
- Ocupación: Ensayistas
- Ocupación: Cuentistas
- Ocupación: Traductores
- Ocupación: Bibliotecarios
- Fuente del término: embne
375 ## - GÉNERO/SEXO
- Género: Masculino
377 ## - IDIOMA ASOCIADO
- Código del idioma: spa
- Término de lengua/lenguaje: Español
400 1# - TRAZADO DE VÉASE--NOMBRE DE PERSONA
- Nombre de persona: Borges, J. L.
- Fechas asociadas al nombre: 1899-1986
400 1# - TRAZADO DE VÉASE--NOMBRE DE PERSONA
- Nombre de persona: Borges, Jorge-Luis
- Fechas asociadas al nombre: 1899-1986
400 1# - TRAZADO DE VÉASE--NOMBRE DE PERSONA
- Nombre de persona: Borhes, Horhe Luïs
- Fechas asociadas al nombre: 1899-1986
400 1# - TRAZADO DE VÉASE--NOMBRE DE PERSONA
- Nombre de persona: Борхес, Хорхе Луїс
- Fechas asociadas al nombre: 1899-1986
500 1# - TRAZADO DE VÉASE ADEMÁS--NOMBRE DE PERSONA
- Nombre de persona: Bustos Domecq, H.
500 1# - TRAZADO DE VÉASE ADEMÁS--NOMBRE DE PERSONA
- Nombre de persona: Suárez Lynch, B.
663 ## - REFERENCIA COMPLEJA DE VÉASE ADEMÁS--NOMBRE
- Texto explicativo: Para obras de este autor escritas en colaboración con Adolfo Bioy Casares, véase además:
- Encabezamiento referido a: Bustos Domecq, H.;
- Encabezamiento referido a: Suárez Lynch, B.
670 ## - FUENTE DE DATOS ENCONTRADOS
- Cita de la fuente: El Aleph, 1984
- Información encontrada: port. (Jorge Luis Borges)
670 ## - FUENTE DE DATOS ENCONTRADOS
- Cita de la fuente: Textos cautivos, 1986
- Información encontrada: port. (Jorge-Luis Borges)
670 ## - FUENTE DE DATOS ENCONTRADOS
- Cita de la fuente: Vibram poezìì = Antología poética, 2010
- Información encontrada: port. (Horhe Luïs Borhes = Jorge Luis Borges = Хорхе Луїс Борхес)
670 ## - FUENTE DE DATOS ENCONTRADOS
- Cita de la fuente: Dic. de escritores célebres, 1995
- Información encontrada: (Borges, Jorge Luis; escritor argentino (Buenos Aires, 1899-Ginebra, 1986))
670 ## - FUENTE DE DATOS ENCONTRADOS
- Cita de la fuente: WWW Wikipedia, 06-06-2016
- Información encontrada: Jorge Luis Borges; n. Buenos Aires, 24-08-1899; m.Ginebra, 14-06-1986) escritor; uno de los autores más destacados de la literatura del siglo XX; publicó ensayos breves, cuentos y poemas; recibió importantes premios y distinciones de diversas universidades y gobiernos de diversos países.)
- Identificador Uniforme de Recursos: https://es.wikipedia.org/wiki/Jorge_Luis_Borges
856 4# - LOCALIZACIÓN Y ACCESO ELECTRÓNICOS
- Identificador Uniforme de Recursos: http://es.wikipedia.org/wiki/Jorge_Luis_Borges
856 4# - LOCALIZACIÓN Y ACCESO ELECTRÓNICOS
- Identificador Uniforme de Recursos: http://dialnet.unirioja.es/servlet/autor?codigo=157452
